| 000 -LEADER |
| fixed length control field |
02215cam a22003974a 4500 |
| 001 - CONTROL NUMBER |
| control field |
14330343 |
| 003 - CONTROL NUMBER IDENTIFIER |
| control field |
OSt |
| 005 - DATE AND TIME OF LATEST TRANSACTION |
| control field |
20140116120839.0 |
| 008 - FIXED-LENGTH DATA ELEMENTS--GENERAL INFORMATION |
| fixed length control field |
060405s2006 ctua b 001 0 eng |
| 010 ## - LIBRARY OF CONGRESS CONTROL NUMBER |
| LC control number |
2006011701 |
| 020 ## - INTERNATIONAL STANDARD BOOK NUMBER |
| International Standard Book Number |
159158230X (alk. paper) |
| 020 ## - INTERNATIONAL STANDARD BOOK NUMBER |
| International Standard Book Number |
1591582350 (pbk : alk. paper) |
| 035 ## - SYSTEM CONTROL NUMBER |
| System control number |
(OCoLC)ocm66527059 |
| 040 ## - CATALOGING SOURCE |
| Original cataloging agency |
DLC |
| Transcribing agency |
DLC |
| Modifying agency |
BAKER |
| -- |
AFQ |
| -- |
WAU |
| -- |
DLC |
| 042 ## - AUTHENTICATION CODE |
| Authentication code |
pcc |
| 050 00 - LIBRARY OF CONGRESS CALL NUMBER |
| Classification number |
Z693.W94 2006 |
| 082 00 - DEWEY DECIMAL CLASSIFICATION NUMBER |
| Classification number |
025.3 |
| Edition number |
22 |
| 100 1# - MAIN ENTRY--PERSONAL NAME |
| Personal name |
Taylor, Arlene G., |
| Dates associated with a name |
1941- |
| 245 10 - TITLE STATEMENT |
| Title |
Introduction to cataloging and classification / |
| Statement of responsibility, etc |
Arlene G. Taylor ; with the assistance of David P. Miller. |
| 250 ## - EDITION STATEMENT |
| Edition statement |
10th ed. |
| 260 ## - PUBLICATION, DISTRIBUTION, ETC. (IMPRINT) |
| Place of publication, distribution, etc |
Westport, Conn. : |
| Name of publisher, distributor, etc |
Libraries Unlimited, |
| Date of publication, distribution, etc |
2006. |
| 300 ## - PHYSICAL DESCRIPTION |
| Extent |
xviii, 589 p. : |
| Other physical details |
ill. ; |
| Dimensions |
24 cm. |
| 440 #0 - SERIES STATEMENT/ADDED ENTRY--TITLE |
| Title |
Library and information science text series |
| 500 ## - GENERAL NOTE |
| General note |
Rev. ed. of: Wynar's introduction to cataloging and classification. Rev. 9th ed. 2004. |
| 504 ## - BIBLIOGRAPHY, ETC. NOTE |
| Bibliography, etc |
Includes bibliographical references (p. 549-575) and index. |
| 505 ## - FORMATTED CONTENTS NOTE |
| Formatted contents note |
Cataloguing in context---development of cataloguing codes---encoding---description---Description of analytical materials---choice of access points---form of headings for names and titles---authority control---subject access to library materials---verbal subject access---library of congress subject headings---sears list of subject headings---other types of verbal access---classification of library materials---decimal classification---library of congress classification---creation of complete call numbers---other classification systems---processing centers, networking and cooperative programs---catalog management |
| 630 00 - SUBJECT ADDED ENTRY--UNIFORM TITLE |
| Uniform title |
Anglo-American cataloguing rules. |
| 650 #0 - SUBJECT ADDED ENTRY--TOPICAL TERM |
| Topical term or geographic name as entry element |
Cataloging. |
| 650 #0 - SUBJECT ADDED ENTRY--TOPICAL TERM |
| Topical term or geographic name as entry element |
Classification |
| General subdivision |
Books. |
| 700 1# - ADDED ENTRY--PERSONAL NAME |
| Personal name |
Miller, David P. |
| Fuller form of name |
(David Peter), |
| Dates associated with a name |
1955- |
| 700 1# - ADDED ENTRY--PERSONAL NAME |
| Personal name |
Taylor, Arlene G., |
| Dates associated with a name |
1941- |
| Title of a work |
Wynar's introduction to cataloging and classification. |
| 856 41 - ELECTRONIC LOCATION AND ACCESS |
| Materials specified |
Table of contents only |
| Uniform Resource Identifier |
<a href="http://www.loc.gov/catdir/toc/ecip0612/2006011701.html">http://www.loc.gov/catdir/toc/ecip0612/2006011701.html</a> |
| 906 ## - LOCAL DATA ELEMENT F, LDF (RLIN) |
| a |
7 |
| b |
cbc |
| c |
orignew |
| d |
1 |
| e |
ecip |
| f |
20 |
| g |
y-gencatlg |
| 942 ## - ADDED ENTRY ELEMENTS (KOHA) |
| Source of classification or shelving scheme |
|
| Koha item type |
Book |